000 00692nam a2200229Ia 4500
003 OSt
005 20251009152559.0
008 220923b |||||||| |||| 00| 0 eng d
037 _cReference
040 _aRTL
_cRTL
_beng
041 _2eng
_aeng
084 _aX:3M24xM18 K3/SC
_qRTL
100 _aMarx, Karl
_922872
245 0 _aTheories of surplus value
260 _aMoscow
_bForeign Languages Publishing House
_c1954
300 _a491 p.
_bIncludes bibliographical reference and index
490 _vPart:1
650 _aKarl Marx thoery
_9847900
650 _aEconomics
_9847901
942 _hX:3M24xM18 K3/SC
_cREF
_2CC
_n0
999 _c590709
_d590709